Estatísticas para Capitais Mundiais mais Próximo de Ankara

Clique aqui para jogar o quiz

Estatísticas Gerais

  • Esse quiz foi jogado 18 vezes
  • A pontuação média é 14 de 20

Estatísticas das Respostas

kmcapital% Correto
818Atenas
100%
750Bucareste
89%
932Jerusalém
89%
530Nicosia
83%
854Sofia
83%
1111Tirana
83%
1154Belgrado
78%
1186Kiev
78%
776Damasco
72%
1170Podgorica
72%
712Beirute
67%
850Chișinău
67%
992Erevan
67%
1028Tbilisi
67%
930Amã
61%
1109Cairo
61%
987Escópia
61%
1263Bagdá
56%
1023Pristina
56%
917Ramallah
0%

Distribuição das Pontuações

Percentil de Números Respondidos

Porcentagem de Pessoas com Cada Pontuação

Sua Pontuação Histórica

Você não jogou esse quiz